<?xml version="1.0" encoding="UTF-8"?>
<collection xmlns="http://www.loc.gov/MARC21/slim">
 <record>
  <leader>03256cam a2200529   4500</leader>
  <controlfield tag="001">1134338333</controlfield>
  <controlfield tag="003">DE-627</controlfield>
  <controlfield tag="005">20240919161716.0</controlfield>
  <controlfield tag="007">tu</controlfield>
  <controlfield tag="008">980224s1939    xx |||||      00| ||ger c</controlfield>
  <datafield tag="035" ind1=" " ind2=" ">
   <subfield code="a">(DE-627)1134338333</subfield>
  </datafield>
  <datafield tag="035" ind1=" " ind2=" ">
   <subfield code="a">(DE-576)064338339</subfield>
  </datafield>
  <datafield tag="035" ind1=" " ind2=" ">
   <subfield code="a">(DE-599)BSZ064338339</subfield>
  </datafield>
  <datafield tag="035" ind1=" " ind2=" ">
   <subfield code="a">(OCoLC)19093911</subfield>
  </datafield>
  <datafield tag="035" ind1=" " ind2=" ">
   <subfield code="a">(DE-604)8070234175</subfield>
  </datafield>
  <datafield tag="040" ind1=" " ind2=" ">
   <subfield code="a">DE-627</subfield>
   <subfield code="b">ger</subfield>
   <subfield code="c">DE-627</subfield>
   <subfield code="e">rakwb</subfield>
  </datafield>
  <datafield tag="041" ind1=" " ind2=" ">
   <subfield code="a">ger</subfield>
  </datafield>
  <datafield tag="082" ind1="0" ind2=" ">
   <subfield code="a">913.43</subfield>
  </datafield>
  <datafield tag="084" ind1=" " ind2=" ">
   <subfield code="a">NF 1260</subfield>
   <subfield code="2">rvk</subfield>
   <subfield code="0">(DE-625)rvk/125211:1201</subfield>
  </datafield>
  <datafield tag="084" ind1=" " ind2=" ">
   <subfield code="a">NF 1130</subfield>
   <subfield code="2">rvk</subfield>
   <subfield code="0">(DE-625)rvk/125201:</subfield>
  </datafield>
  <datafield tag="084" ind1=" " ind2=" ">
   <subfield code="a">15.19</subfield>
   <subfield code="2">bkl</subfield>
  </datafield>
  <datafield tag="084" ind1=" " ind2=" ">
   <subfield code="a">15.19</subfield>
   <subfield code="2">bkl</subfield>
  </datafield>
  <datafield tag="100" ind1="1" ind2=" ">
   <subfield code="a">Jacob-Friesen, Karl Hermann</subfield>
   <subfield code="d">1886-1960</subfield>
   <subfield code="0">(DE-588)117032158</subfield>
   <subfield code="0">(DE-627)133396150</subfield>
   <subfield code="0">(DE-576)161554350</subfield>
   <subfield code="4">aut</subfield>
  </datafield>
  <datafield tag="245" ind1="1" ind2="0">
   <subfield code="a">Einführung in Niedersachsens Urgeschichte</subfield>
   <subfield code="c">von K. H. Jacob-Friesen</subfield>
  </datafield>
  <datafield tag="250" ind1=" " ind2=" ">
   <subfield code="a">3., bedeutend erg. Aufl.</subfield>
  </datafield>
  <datafield tag="264" ind1=" " ind2="1">
   <subfield code="a">Hildesheim</subfield>
   <subfield code="a">Leipzig</subfield>
   <subfield code="b">Lax</subfield>
   <subfield code="c">1939</subfield>
  </datafield>
  <datafield tag="300" ind1=" " ind2=" ">
   <subfield code="a">IX, 308 S.</subfield>
   <subfield code="b">Ill., Kt.</subfield>
   <subfield code="c">32 Taf.</subfield>
  </datafield>
  <datafield tag="336" ind1=" " ind2=" ">
   <subfield code="a">Text</subfield>
   <subfield code="b">txt</subfield>
   <subfield code="2">rdacontent</subfield>
  </datafield>
  <datafield tag="337" ind1=" " ind2=" ">
   <subfield code="a">ohne Hilfsmittel zu benutzen</subfield>
   <subfield code="b">n</subfield>
   <subfield code="2">rdamedia</subfield>
  </datafield>
  <datafield tag="338" ind1=" " ind2=" ">
   <subfield code="a">Band</subfield>
   <subfield code="b">nc</subfield>
   <subfield code="2">rdacarrier</subfield>
  </datafield>
  <datafield tag="490" ind1="1" ind2=" ">
   <subfield code="a">Darstellungen aus Niedersachsens Urgeschichte</subfield>
   <subfield code="v">1</subfield>
  </datafield>
  <datafield tag="689" ind1="0" ind2="0">
   <subfield code="d">g</subfield>
   <subfield code="0">(DE-588)4042226-4</subfield>
   <subfield code="0">(DE-627)106215507</subfield>
   <subfield code="0">(DE-576)209049227</subfield>
   <subfield code="a">Niedersachsen</subfield>
   <subfield code="2">gnd</subfield>
  </datafield>
  <datafield tag="689" ind1="0" ind2="1">
   <subfield code="a">z</subfield>
   <subfield code="2">gnd</subfield>
   <subfield code="a">Vor- und Frühgeschichte</subfield>
  </datafield>
  <datafield tag="689" ind1="0" ind2=" ">
   <subfield code="5">(DE-627)</subfield>
  </datafield>
  <datafield tag="787" ind1="0" ind2="8">
   <subfield code="i">Rezension</subfield>
   <subfield code="a">Sprockhoff, Ernst, 1892 - 1967</subfield>
   <subfield code="t">[Rezension von: K. H. Jacob-Friesen, Einführung in Niedersachsens Urgeschichte, Band 1, Darstellungen aus Niedersachsens Urgeschichte]</subfield>
   <subfield code="d">Frankfurt, M. : Henrich-Ed., 1941</subfield>
   <subfield code="w">(DE-627)1569905592</subfield>
   <subfield code="w">(DE-576)499905598</subfield>
  </datafield>
  <datafield tag="787" ind1="0" ind2="8">
   <subfield code="i">Rezensiert in</subfield>
   <subfield code="a">Körner, Gerhard, 1913 - 1984</subfield>
   <subfield code="t">[Rezension von: Karl-Hermann Jacob-Friesen, Einführung in Niedersachsens Urgeschichte, 3. Auflage]</subfield>
   <subfield code="d">Hildesheim : August Lax Verlagsbuchhandlung, 1940</subfield>
   <subfield code="w">(DE-627)1688595279</subfield>
  </datafield>
  <datafield tag="787" ind1="0" ind2="8">
   <subfield code="i">Rezensiert in</subfield>
   <subfield code="a">Uslar, Rafael von, 1908 - 2003</subfield>
   <subfield code="t">[Rezension von: K.H. Jacob-Friesen, Einführung in Niedersachsens Urgeschichte]</subfield>
   <subfield code="d">Darmstadt : L.C. Wittich, 1940</subfield>
   <subfield code="w">(DE-627)1727511948</subfield>
  </datafield>
  <datafield tag="830" ind1=" " ind2="0">
   <subfield code="a">Darstellungen aus Niedersachsens Urgeschichte</subfield>
   <subfield code="v">1</subfield>
   <subfield code="9">1</subfield>
   <subfield code="w">(DE-627)130227374</subfield>
   <subfield code="w">(DE-576)004618599</subfield>
   <subfield code="w">(DE-600)539992-0</subfield>
   <subfield code="7">ns</subfield>
  </datafield>
  <datafield tag="936" ind1="r" ind2="v">
   <subfield code="a">NF 1260</subfield>
   <subfield code="b">Allgemeines</subfield>
   <subfield code="k">Geschichte</subfield>
   <subfield code="k">Ur- und Frühgeschichte / Prähistorische Archäologie</subfield>
   <subfield code="k">Allgemeine und europäische Ur- und Frühgeschichte nach Epochen</subfield>
   <subfield code="k">Zeitlich übergreifende Darstellungen</subfield>
   <subfield code="k">Europa</subfield>
   <subfield code="k">Mitteleuropa (Deutschland, Österreich, Schweiz)</subfield>
   <subfield code="k">Deutschland</subfield>
   <subfield code="k">Allgemeines</subfield>
   <subfield code="0">(DE-627)127152516X</subfield>
   <subfield code="0">(DE-625)rvk/125211:1201</subfield>
   <subfield code="0">(DE-576)20152516X</subfield>
  </datafield>
  <datafield tag="936" ind1="r" ind2="v">
   <subfield code="a">NF 1130</subfield>
   <subfield code="b">Allgemeine Darstellungen zur Ur- und Frühgeschichte</subfield>
   <subfield code="k">Geschichte</subfield>
   <subfield code="k">Ur- und Frühgeschichte / Prähistorische Archäologie</subfield>
   <subfield code="k">Allgemeines</subfield>
   <subfield code="k">Allgemeine Darstellungen zur Ur- und Frühgeschichte</subfield>
   <subfield code="0">(DE-627)1271449765</subfield>
   <subfield code="0">(DE-625)rvk/125201:</subfield>
   <subfield code="0">(DE-576)201449765</subfield>
  </datafield>
  <datafield tag="936" ind1="b" ind2="k">
   <subfield code="a">15.19</subfield>
   <subfield code="j">Vor- und Frühgeschichte</subfield>
   <subfield code="q">coli-conc RVK-&gt;BK</subfield>
   <subfield code="q">https://coli-conc.gbv.de/api/mappings/75cc445c-571d-40a5-a765-030d7671b9ad</subfield>
   <subfield code="0">(DE-627)10640329X</subfield>
  </datafield>
  <datafield tag="936" ind1="b" ind2="k">
   <subfield code="a">15.19</subfield>
   <subfield code="j">Vor- und Frühgeschichte</subfield>
   <subfield code="q">coli-conc RVK-&gt;BK</subfield>
   <subfield code="q">https://coli-conc.gbv.de/api/mappings/86628ea8-ce7c-4261-a534-79c6ddd79ae8</subfield>
   <subfield code="0">(DE-627)10640329X</subfield>
  </datafield>
  <datafield tag="951" ind1=" " ind2=" ">
   <subfield code="a">BO</subfield>
  </datafield>
  <datafield tag="990" ind1=" " ind2=" ">
   <subfield code="a">Niedersachsen</subfield>
  </datafield>
  <datafield tag="990" ind1=" " ind2=" ">
   <subfield code="a">Vor- und Frühgeschichte</subfield>
  </datafield>
  <datafield tag="991" ind1=" " ind2=" ">
   <subfield code="a">Rezensiertes Werk</subfield>
  </datafield>
  <datafield tag="999" ind1=" " ind2=" ">
   <subfield code="a">KXP-PPN1134338333</subfield>
   <subfield code="e">4587173010</subfield>
  </datafield>
 </record>
</collection>
